000
00228 a2200097 4500
001
43491
100
_a
Shakespeare
245
_a
Much ADO About Nothing
260
_a
London
_b
Cambridge University Press
_c
090
_c
27304
_d
27304
942
_a
NUST-CAE
_c
M
_c
19230
999
_c
278564
_d
278564